000
00283nam a2200121 a 4500
001
4140
005
20140414131949.0
008
090218s19uu xx 00 eng d
050
_a
TR 372.61
_b
T72 2006
100
_a
Tressler, D.
245
_a
Grammar master. Book 1.
999
_c
112744
_d
112744